[Event "AUTO-INT-926"]
[Site "http://www.queenalice.com/game.php?id=505150"]
[Date "2008.12.9"]
[Round "2"]
[White "ronmos14"]
[Black "dtrainey"]
[Result "1-0"]
[WhiteElo "1636"]
[BlackElo "1545"]

1. e3 e5 2. Bc4 d5 3. Be2 Nf6 4. Nf3 h6 5. Nxe5 Bd6 6. d4 Nbd7 7. Nxf7 Qe7 8.
Nxh8 Nf8 9. Bh5+ g6 10. Bxg6+ Kd8 11. Nf7+ Ke8 12. Nxd6+ Kd7 13. Nxc8 Kxc8 14.
Bf5+ Kb8 15. O-O Ne6 16. Qd3 Ng5 17. b3 a6 18. Ba3 Qg7 19. Nc3 Nf3+ 20. Kh1 Nh4
21. g3 Qg5 22. gxh4 Qxh4 23. Be6 c6 24. Qg6 Ka7 25. Bc5+ Kb8 26. Qf7 1-0

[Event "AUTO-ADV-1277"]
[Site "http://www.queenalice.com/game.php?id=566219"]
[Date "2009.4.3"]
[Round "1"]
[White "Evandrogon"]
[Black "ronmos14"]
[Result "1-0"]
[WhiteElo "1848"]
[BlackElo "1667"]

1. d4 c6 2. e4 e6 3. Nf3 Be7 4. e5 Qa5+ 5. c3 b5 6. Nbd2 Nh6 7. Nb3 Qa6 8. a4
Bb7 9. axb5 Qb6 10. bxc6 Bxc6 11. Bxh6 gxh6 12. Be2 Bd5 13. Nc5 Qxb2 14. O-O
Qxc3 15. Bb5 Rg8 16. Nd3 Bxf3 17. Qxf3 Qxd4 18. Qxa8 f6 19. Qxb8+ Kf7 20. Qb7
fxe5 21. Ra4 Qd5 22. Nxe5+ Qxe5 23. Bc4 d5 24. Rxa7 Re8 25. Bb5 Qg5 26. Bxe8+
Kxe8 27. Qd7+ Kf7 28. f4 Qh4 29. f5 Qd4+ 30. Kh1 exf5 31. Qxe7+ Kg6 32. Qxh7+
Kg5 33. Qxf5+ Kh4 34. g3# 1-0

[Event "AUTO-ADV-1277"]
[Site "http://www.queenalice.com/game.php?id=566220"]
[Date "2009.4.3"]
[Round "1"]
[White "ronmos14"]
[Black "Evandrogon"]
[Result "0-1"]
[WhiteElo "1658"]
[BlackElo "1885"]

1. e4 e5 2. Nc3 a6 3. a4 Nf6 4. Bc4 Bc5 5. Nh3 h6 6. d3 d6 7. Bd5 c6 8. Bc4 Bxh3
9. gxh3 Qb6 10. Rf1 Nbd7 11. a5 Qa7 12. Ra4 b5 13. axb6 Nxb6 14. Rxa6 Qb7 15.
Rxa8+ Nxa8 16. h4 Nc7 17. Rg1 d5 18. exd5 cxd5 19. Bb3 Qa7 20. Rxg7 Bxf2+ 21.
Ke2 Bxh4 22. Rg2 Rg8 23. Qf1 Rxg2+ 24. Qxg2 Ng4 25. Nd1 h5 26. h3 Nf6 27. Ne3
Be1 28. Kxe1 Qd4 29. Qg5 e4 30. dxe4 Qxe4 31. Qxf6 Ne6 32. Qh8+ Ke7 33. Qxh5
Qh1+ 34. Kd2 Qh2+ 35. Kd3 Nf4+ 36. Kd4 Nxh5 37. Nxd5+ Kf8 38. Bh6+ Kg8 39. Ne7+
Kh7 40. Nf5 Qf2+ 41. Ke5 Qe2+ 42. Kd6 Kg6 43. Nd4 Qa6+ 44. Ke7 Qf6+ 45. Kf8 Qd8#
0-1

[Event "AUTO-ADV-1277"]
[Site "http://www.queenalice.com/game.php?id=566235"]
[Date "2009.4.3"]
[Round "1"]
[White "lobispito"]
[Black "ronmos14"]
[Result "1-0"]
[WhiteElo "1748"]
[BlackElo "1674"]

1. e4 e5 2. Qh5 Nc6 3. Bc4 g6 4. Qf3 Nf6 5. Bd5 Nd4 6. Qc3 c6 7. Bc4 Nxe4 8. Qd3
d5 9. Bb3 Bf5 10. Qe3 h5 11. d3 Qa5+ 12. Bd2 Bb4 13. Bxb4 Nxc2+ 14. Bxc2 Qxb4+
15. Nd2 Qxb2 16. Rd1 Qxc2 17. Ngf3 f6 18. O-O O-O-O 19. dxe4 dxe4 20. Rc1 Qxa2
21. Ra1 Qd5 22. Rxa7 exf3 23. Nxf3 Kc7 24. Raa1 h4 25. Rad1 Qc4 26. Nd2 Qa4 27.
Rc1 Bd3 28. Ra1 Qg4 29. h3 Qf5 30. g4 hxg3 31. Qf3 gxf2+ 32. Rxf2 Rxh3 33. Qxf5
gxf5 34. Rh2 Rg3+ 35. Kf2 f4 36. Rh7+ Kb6 37. Rh6 Bc2 38. Nf1 f5 39. Ra2 Bd3 40.
Rb2+ Kc5 41. Nxg3 fxg3+ 42. Kxg3 f4+ 43. Kf3 b5 44. Re6 Kd5 45. Rf6 Be4+ 46. Kg4
Rg8+ 47. Kh3 Kc4 48. Rd2 c5 49. Re2 Kd3 50. Re1 b4 51. Rd6+ Kc2 52. Rxe4 Rg3+
53. Kh2 b3 54. Rc4+ Rc3 55. Re4 b2 56. Re2+ Kb3 57. Rb6+ Kc4 58. Rbxb2 Ra3 59.
Rxe5 f3 60. Rc2+ Kd4 61. Rexc5 Ke4 62. Kg3 Kd4 63. R5c4+ Ke5 64. Rc5+ Kd4 65.
R2c4+ Kd3 66. Kxf3 Kd2+ 67. Kf2 Ra2 68. Rd5# 1-0

[Event "AUTO-ADV-1277"]
[Site "http://www.queenalice.com/game.php?id=566236"]
[Date "2009.4.3"]
[Round "1"]
[White "ronmos14"]
[Black "lobispito"]
[Result "1-0"]
[WhiteElo "1619"]
[BlackElo "1650"]

1. Nc3 e5 2. e4 Qh4 3. Nf3 Qf6 4. Nd5 Qd6 5. a3 f5 6. d3 fxe4 7. dxe4 Nf6 8. Bc4
Nxe4 9. Ng5 Nxg5 10. Bxg5 h6 11. Bh4 c6 12. Qf3 g6 13. O-O-O cxd5 14. Rxd5 Qe6
15. Rc5 d5 16. Bxd5 Qf5 17. Rxc8+ Kd7 18. Bxb7 a5 19. Bxa8 Kxc8 20. Qb7# 1-0

[Event "AUTO-ADV-1277"]
[Site "http://www.queenalice.com/game.php?id=566245"]
[Date "2009.4.3"]
[Round "1"]
[White "Huruka"]
[Black "ronmos14"]
[Result "1-0"]
[WhiteElo "1974"]
[BlackElo "1605"]

1. e4 d5 2. exd5 Qxd5 3. Nf3 Bf5 4. Nc3 Qe6+ 5. Ne2 Nc6 6. d3 O-O-O 7. Be3 Nb4
8. Ned4 Qd5 9. Be2 e5 10. Nxf5 e4 11. N5d4 exf3 12. Bxf3 Qa5 13. O-O g6 14. Nb3
Qb5 15. Bd4 f6 16. Qd2 Kb8 17. Bc3 h5 18. Rfe1 g5 19. Nd4 Qb6 20. Ne6 Be7 21.
Nxd8 Bxd8 22. Bxb4 a6 23. Re8 Kc8 24. Rae1 g4 25. Bd5 h4 26. Rxg8 Rxg8 27. Bxg8
g3 28. Re8 gxf2+ 29. Qxf2 Qxb4 30. Be6+ Kb8 31. Rxd8# 1-0

[Event "AUTO-ADV-1277"]
[Site "http://www.queenalice.com/game.php?id=566246"]
[Date "2009.4.3"]
[Round "1"]
[White "ronmos14"]
[Black "Huruka"]
[Result "0-1"]
[WhiteElo "1637"]
[BlackElo "1897"]

1. e4 e5 2. Qh5 Nc6 3. Nc3 Nf6 4. Qf5 d6 5. Qf3 Be7 6. h3 O-O 7. Bc4 Be6 8. Nd5
Nd4 9. Qc3 Nxe4 10. Qb4 Nxc2+ 11. Kd1 Nxb4 12. Nxb4 Bxc4 13. d3 Nxf2+ 14. Kd2
Bxd3 15. Nxd3 Nxh1 16. b3 Bg5+ 17. Kc2 Bxc1 18. Rxc1 Ng3 0-1

[Event "AUTO-INT-1260"]
[Site "http://www.queenalice.com/game.php?id=566420"]
[Date "2009.4.3"]
[Round "1"]
[White "plano99"]
[Black "ronmos14"]
[Result "1-0"]
[WhiteElo "1565"]
[BlackElo "1640"]

1. d4 c5 2. dxc5 Qa5+ 3. Qd2 Qxc5 4. Nc3 d6 5. f3 Nf6 6. e3 g6 7. Bd3 Bh6 8.
Nge2 Nd5 9. Nxd5 Qxd5 10. Be4 Qc4 11. Qd3 Qc5 12. Nf4 Bf5 13. Bxf5 Qxf5 14. Qxf5
gxf5 15. e4 fxe4 16. fxe4 Nc6 17. Nd5 Bxc1 18. Nc7+ Kd7 19. Nxa8 Bxb2 20. Rb1
Bc3+ 21. Kd1 b6 22. Rb3 Bd4 23. g4 Rxa8 24. Rf1 f6 25. Rb5 Ne5 26. Kd2 Nxg4 27.
Rd5 e5 28. h3 Ne3 29. Rxd4 1-0

[Event "AUTO-INT-1260"]
[Site "http://www.queenalice.com/game.php?id=566421"]
[Date "2009.4.3"]
[Round "1"]
[White "ronmos14"]
[Black "plano99"]
[Result "0-1"]
[WhiteElo "1661"]
[BlackElo "1544"]

1. e4 e5 2. Nc3 Bc5 3. Nf3 Nc6 4. Bc4 Nd4 5. Ng5 Qxg5 6. g3 Nf6 7. O-O O-O 8. d3
d6 9. Bxg5 c6 10. Na4 Be6 11. Bxe6 Nxe6 12. Bxf6 gxf6 13. Nxc5 Nxc5 14. Qg4+ Kh8
15. Qf5 Rg8 16. Qxf6+ Rg7 17. Qxd6 Ne6 18. Qxe5 Kg8 19. a4 Re8 20. h4 a6 21. a5
Rg6 22. Kh2 c5 23. Qd5 Nd4 24. Qxc5 Nf3+ 25. Kh3 Rh6 26. Qe3 Ne5 27. Qa7 Kh8 28.
Qxb7 Rg8 29. Qd5 Ng4 0-1

[Event "AUTO-INT-1260"]
[Site "http://www.queenalice.com/game.php?id=566436"]
[Date "2009.4.3"]
[Round "1"]
[White "HENRIQUE_L_AUAD"]
[Black "ronmos14"]
[Result "1-0"]
[WhiteElo "1502"]
[BlackElo "1626"]

1. d4 Nf6 2. f3 d5 3. Nc3 Bf5 4. e3 c6 5. Bd3 Bxd3 6. Qxd3 e6 7. Nge2 Bd6 8. e4
Qc7 9. g3 e5 10. dxe5 Bxe5 11. f4 dxe4 12. Nxe4 Bd6 13. Nxf6+ gxf6 14. Qe3+ Be7
15. b3 c5 16. Ba3 Qa5+ 17. b4 Qxa3 18. Qxa3 cxb4 19. Qa4+ Nd7 20. Rd1 Rd8 21.
O-O O-O 22. Rxd7 Rde8 23. Rxb7 Bd8 24. Re1 Bb6+ 25. Kf1 f5 26. Qxb4 Re4 27. Qd6
Rc4 28. Rb8 Rxb8 29. Qxb8+ Kg7 30. Rd1 Rxc2 31. Qe5+ f6 32. Rd7+ Kg6 33. Qe8+
Kh6 34. Qg8 Rxa2 35. Qxh7# 1-0

[Event "AUTO-INT-1260"]
[Site "http://www.queenalice.com/game.php?id=566437"]
[Date "2009.4.3"]
[Round "1"]
[White "ronmos14"]
[Black "HENRIQUE_L_AUAD"]
[Result "1-0"]
[WhiteElo "1603"]
[BlackElo "1615"]

1. e4 e5 2. Nc3 Nc6 3. Bc4 Nf6 4. Qe2 Nd4 5. Qd3 Bb4 6. Bxf7+ Kf8 7. Bb3 Ke8 8.
Qg3 Nxb3 9. axb3 Bxc3 10. bxc3 d6 11. d3 Rf8 12. Bg5 g6 13. c4 Qd7 14. Qe3 Ng4
15. Qh3 Rxf2 16. O-O-O h5 17. Nf3 Qc6 18. Qg3 Qc5 19. h3 Qa3+ 20. Kb1 Re2 21.
hxg4 Bxg4 22. Nxe5 Rxc2 23. Kxc2 Qa2+ 24. Kc1 Bxd1 25. Kxd1 Qa1+ 26. Kc2 Qxh1
27. Qf3 dxe5 28. Qf6 Qxg2+ 29. Kc3 Kd7 30. Qxe5 Re8 31. Qg7+ Kc6 32. Qxg6+ Kd7
33. Qxh5 c5 34. Qf7+ Kd6 35. Bf4+ Re5 36. Qf6+ Kd7 37. Qxe5 Qf1 38. Qd6+ Ke8 39.
Qb8+ Kf7 40. Qxb7+ Kg8 41. Qb8+ Kf7 42. Qxa7+ Ke8 43. Bd2 Qd1 44. Qxc5 1-0

[Event "AUTO-INT-1296"]
[Site "http://www.queenalice.com/game.php?id=583906"]
[Date "2009.5.6"]
[Round "1"]
[White "ronmos14"]
[Black "callmitnick"]
[Result "0-1"]
[WhiteElo "1602"]
[BlackElo "1574"]

1. e4 c5 2. Bc4 Nc6 3. Qf3 Nf6 4. g4 h6 5. b3 d6 6. h3 e5 7. d3 Be7 8. Nc3 O-O
9. h4 Bxg4 10. Qg3 Nd4 11. Rb1 Nxc2+ 12. Kd2 Nd4 13. Nd5 h5 14. Nxf6+ Bxf6 15.
Bd5 Rb8 16. Nh3 Bxh4 17. Qg2 Nf3+ 18. Kc3 Qa5+ 19. Kb2 b5 20. Rd1 b4 21. Ng5
Bxg5 22. Bxg5 Qa3+ 23. Ka1 Nxg5 24. Rf1 a5 25. f3 Nxf3 26. Rxf3 Bxf3 27. Qxf3 a4
28. Qxh5 axb3 29. Bxb3 Qa7 30. Rf1 Qe7 31. Rg1 Qf6 32. Rg6 Qf1+ 33. Kb2 Qf2+ 34.
Kb1 Qe1+ 35. Kc2 Qf2+ 36. Kd1 Qf1+ 37. Kd2 Qf2+ 0-1

[Event "AUTO-INT-1296"]
[Site "http://www.queenalice.com/game.php?id=583907"]
[Date "2009.5.6"]
[Round "1"]
[White "callmitnick"]
[Black "ronmos14"]
[Result "1-0"]
[WhiteElo "1555"]
[BlackElo "1621"]

1. d4 c5 2. Nf3 d5 3. c4 e6 4. Nc3 dxc4 5. e4 cxd4 6. Qxd4 b6 7. Qxd8+ Kxd8 8.
Bxc4 f6 9. O-O Bc5 10. Re1 e5 11. Be3 Bxe3 12. Rxe3 Nc6 13. Rd1+ Kc7 14. Red3
Nh6 15. Bd5 Bb7 16. Nb5+ Kc8 17. Nd6+ Kc7 18. Nb5+ Kc8 19. Nd6+ Kc7 20. Nxb7
Kxb7 21. Bxc6+ Kxc6 22. Rc1+ Kb7 23. Rd7+ Ka6 24. Rxg7 f5 25. exf5 Nxf5 26. Rf7
Nd4 27. Nxd4 exd4 28. Rd1 Rac8 29. Rd7 Rc2 30. R7xd4 Rxb2 31. R4d2 Rb4 32. g3 h5
33. Rd3 h4 34. Ra3+ Kb5 35. Rxa7 hxg3 36. fxg3 Rb2 37. a4+ Kb4 38. Rd4+ 1-0